Chanteurs et groupes par lettre - K - Statistiques

Statistiques générales
  • Ce quiz a été pris 797 fois
  • Le résultat moyen est 10 sur 18
Statistiques - réponses
Période d’activité Pays Chansons Groupe ou artiste % Correct
2014 Andalouse | Color Gitano Kendji Girac
97%
2015 - 2018 2018 - On écrit sur les murs | L’Oiseau et l’enfant Kids United
91%
2008 - I Kissed a Girl | Dark Horse Katy Perry
86%
2010 - Tik Tok | Timber Kesha
75%
1994 - 2008 2014 - Dernière danse | Le chemin Kyo
74%
1974 - C’est la vie | Aicha Khaled
69%
1995 - Femme Like U | Let’s Go K.Maro
68%
2005 - Rien qu’une fois | J’aimerais trop Keen’v
65%
1974 - I Was Made For Lovin’ You | Rock and Roll All Nite KISS
50%
2004 - Stronger | FourFiveSeconds Kanye West
42%
2011 - Humble | All The Stars Kendrick Lamar
40%
2004 - Somewhere Only We Know | Everybody's Changing Keane
37%
1969 - Celebration | Get Down On It Kool & the Gang
35%
1987 - Can't Get You Out of My Head | The Loco-Motion Kylie Minogue
35%
2003 - Since U Been Gone | Stronger (What Doesn't Kill You) Kelly Clarkson
30%
2007 - It Ain’t Me | Firestone Kygo
28%
2003 - Mr. Brightside | Human The Killers
18%
2003 - Sex on Fire | Use Somebody Kings of Leon
15%
Aucun quiz correspondant
Distribution des résultats
% des personnes avec chaque résultat
Percentile par nombre de réponses
Votre historique - résultats
Vous n’avez pas pris ce quiz